[Event "Challenge"]
[Site "http://www.queenalice.com/game.php?id=1112752"]
[Date "2012.10.15"]
[Round "-"]
[White "pedro2009"]
[Black "TonyCM"]
[Result "0-1"]
[WhiteElo "1868"]
[BlackElo "1714"]

1. e4 e5 2. Nf3 d6 3. Nc3 Nf6 4. Bc4 h6 5. a3 a6 6. d4 b5 7. Bd3 exd4 8. Ne2 Bb7
9. Nfxd4 c5 10. Nf3 c4 11. Bxc4 bxc4 12. Nc3 d5 13. e5 Nh7 14. Nd4 Bc5 0-1

[Event "Challenge"]
[Site "http://www.queenalice.com/game.php?id=1139787"]
[Date "2013.1.12"]
[Round "-"]
[White "pedro2009"]
[Black "Andre1962"]
[Result "0-1"]
[WhiteElo "1806"]
[BlackElo "1807"]

1. e4 e5 2. Nf3 Nc6 3. Nc3 Nf6 4. Bc4 h6 5. a3 Na5 6. Ba2 b6 7. Nxe5 Qe7 8. d4
Nc6 9. Bxf7+ Kd8 10. Ba2 Nxe5 11. dxe5 Qxe5 12. Qf3 Bd6 13. Bd2 Bb7 14. O-O-O
Nxe4 15. Nxe4 Bxe4 16. Qe3 Bc5 17. Qe2 Bd4 18. c3 Bxg2 19. Qxe5 Bxe5 20. Rhg1
Bf3 21. Rde1 Re8 22. Re3 Bc6 23. Bc4 Bf6 24. Rge1 Rxe3 25. Rxe3 a5 26. Bf7 d6
27. Re8+ Bxe8 28. Bd5 c6 29. Bf3 Kc7 30. Kd1 Bf7 31. Be3 g5 32. Bg4 Re8 33. Kd2
c5 34. Bf5 d5 35. a4 d4 36. cxd4 cxd4 37. Bxd4 Bxd4 38. Kd3 Bxb2 39. Kc2 Re2+
40. Kd3 Rxf2 41. Ke4 Kc6 42. h3 b5 43. axb5+ Kxb5 44. Bd7+ Kb4 45. Ke3 Rf6 46.
Ke2 Rd6 47. Bg4 a4 48. Bf5 a3 49. Bb1 Bc4+ 50. Kf3 Rd1 51. Bc2 Rc1 52. Be4 a2
53. Kg4 a1=Q 54. Bf3 Rg1+ 55. Kh5 Bg7 56. Bg4 Bf7# 0-1

[Event "Challenge"]
[Site "http://www.queenalice.com/game.php?id=1169303"]
[Date "2013.4.7"]
[Round "-"]
[White "Andre1962"]
[Black "pedro2009"]
[Result "0-1"]
[WhiteElo "1872"]
[BlackElo "1794"]

1. e4 e5 2. Qf3 d5 3. Bb5+ c6 4. Ba4 d4 5. Nh3 Qf6 6. Qe2 Bc5 7. d3 h6 8. c3
dxc3 9. bxc3 Ne7 10. O-O Qg6 11. Be3 Bg4 12. f3 Bxh3 13. Bxc5 Nc8 14. Rf2 Nd7
15. Nd2 Nxc5 16. Bb3 O-O 17. Kf1 Bd7 18. Nc4 Qf6 19. Rd1 Qh4 20. Nxe5 Qxh2 21.
Ke1 Qxe5 22. d4 Qe7 23. dxc5 Be6 24. c4 Qxc5 25. f4 Nb6 26. f5 Bd7 27. f6 g6 28.
e5 Rfe8 29. Qd3 Rxe5+ 30. Kf1 Bf5 31. Qg3 Rae8 32. Rfd2 R5e6 33. Bc2 Nxc4 34.
Rf2 Ne3+ 35. Kg1 Nxd1 36. Bxd1 Re1+ 37. Kh2 Rxd1 38. Qf4 Kh7 39. Rf1 Qd6 40.
Qxd6 Rxd6 41. Rf2 Rxf6 42. Rb2 b5 43. Kg1 Bd7 44. Kh2 Rf5 45. Rd2 Rd5 46. Rb2 f5
47. Rf2 Rd1 48. Rc2 f4 49. Rf2 g5 50. g3 f3 51. g4 Bxg4 52. Kg3 Rg1+ 53. Kh2
Ree1 54. Rc2 Rh1+ 55. Kg3 Reg1+ 56. Kf2 Rh2+ 57. Kxg1 Rxc2 58. a3 Bh3 59. a4 f2+
60. Kh2 f1=Q+ 61. Kg3 Qg2# 0-1

[Event "Challenge"]
[Site "http://www.queenalice.com/game.php?id=1169304"]
[Date "2013.4.7"]
[Round "-"]
[White "pedro2009"]
[Black "Andre1962"]
[Result "0-1"]
[WhiteElo "1790"]
[BlackElo "1857"]

1. e4 e5 2. Bc4 Nf6 3. d3 Bc5 4. Nf3 Ng4 5. O-O Nxf2 6. Rxf2 Bxf2+ 7. Kxf2 h6 8.
Nxe5 Qf6+ 9. Nf3 d6 10. Nc3 Nc6 11. Nd5 Qd8 12. Qe1 Ne5 13. Qe3 c6 14. Nf4 b5
15. Bb3 c5 16. Bd5 Ng4+ 17. Kf1 Nxe3+ 18. Bxe3 Rb8 19. Nh5 g6 20. Ng3 Bg4 21.
Nd2 Qh4 22. Kg1 O-O 23. Rf1 Be6 24. Bc6 Rbc8 25. Bxb5 Rb8 26. a4 d5 27. Bxc5
Rfc8 28. b4 Ra8 29. Nf3 Qf6 30. Bd4 Qd8 31. c3 a6 32. Bxa6 Rxa6 33. a5 Bd7 34.
Ne5 Bb5 35. Rxf7 dxe4 36. Nxe4 Bxd3 37. Ng3 Rd6 38. Rf4 g5 0-1

[Event "Challenge"]
[Site "http://www.queenalice.com/game.php?id=1198266"]
[Date "2013.7.9"]
[Round "-"]
[White "antcabral"]
[Black "pedro2009"]
[Result "0-1"]
[WhiteElo "1814"]
[BlackElo "1815"]

1. e4 Nc6 2. c3 Nf6 3. Qe2 e5 4. h3 d5 5. d3 dxe4 6. dxe4 Be6 7. Nf3 Bc5 8. Nbd2
a6 9. b4 Be7 10. Qd1 b5 11. Be2 O-O 12. O-O Nh5 13. a4 Bf6 14. Nh2 Nf4 15. Bf3
Qd3 16. Bb2 Qd8 17. a5 Bh4 18. Qc2 Qg5 19. Ng4 Rfd8 20. Be2 Nxe2+ 21. Kh1 Rxd2
22. Qb1 Qf4 23. Bc1 Ng3+ 24. Kg1 Nxf1 25. f3 Rxg2+ 26. Kh1 Rh2+ 27. Kg1 Qg3+ 28.
Kxf1 Bc4+ 0-1

[Event "Challenge"]
[Site "http://www.queenalice.com/game.php?id=1203320"]
[Date "2013.7.28"]
[Round "-"]
[White "pedro2009"]
[Black "Andre1962"]
[Result "0-1"]
[WhiteElo "1831"]
[BlackElo "1842"]

1. e4 c5 2. c4 d6 3. d3 Nf6 4. Be2 e5 5. Nc3 Nc6 6. Nf3 Be7 7. O-O Nd4 8. Nxd4
cxd4 9. Nd5 Nxd5 10. cxd5 O-O 11. a4 f5 12. b4 fxe4 13. dxe4 Bd7 14. b5 Bg5 15.
Ba3 Qe7 16. Rc1 Bxc1 17. Qxc1 Rac8 18. Qd2 Rf4 19. Bf3 Rc3 20. Bb2 Rcxf3 21. Bc1
Rc3 22. Qb2 Rcf3 23. Bxf4 Rxf4 24. f3 Qg5 25. Rf2 Rh4 26. g3 Bh3 27. a5 Qe3 28.
Qd2 Qa3 29. Qb2 Qxa5 30. Qb1 Rh6 31. g4 Rf6 32. Qc1 Qxb5 33. f4 exf4 34. Rf3 Qe2
35. Rxh3 Qxg4+ 36. Kf2 Qxh3 37. Qf1 Qe3+ 38. Kg2 Rg6+ 39. Kh1 Qxe4+ 40. Qg2
Qxg2# 0-1

[Event "Challenge"]
[Site "http://www.queenalice.com/game.php?id=1203321"]
[Date "2013.7.28"]
[Round "-"]
[White "Andre1962"]
[Black "pedro2009"]
[Result "0-1"]
[WhiteElo "1855"]
[BlackElo "1813"]

1. e4 e5 2. c4 c6 3. d4 exd4 4. Qxd4 Qe7 5. Be2 c5 6. Qe3 Nc6 7. Nf3 h6 8. O-O
Ne5 9. Nxe5 Qxe5 10. Nc3 Bd6 11. Qg3 Qf6 12. Qd3 Ne7 13. Nd5 Nxd5 14. Bf3 Nf4
15. e5 Bxe5 16. Qe3 O-O 17. Rd1 d6 18. g3 Nh3+ 19. Kf1 Bd4 20. Qd3 Nxf2 21. Qd2
Nxd1 22. Qxd1 Bh3+ 23. Ke2 Qe5+ 24. Kd2 Qe3+ 25. Kc2 Bf5+ 26. Qd3 Qxd3# 0-1

[Event "Challenge"]
[Site "http://www.queenalice.com/game.php?id=1225837"]
[Date "2013.10.19"]
[Round "-"]
[White "pedro2009"]
[Black "Andre1962"]
[Result "1-0"]
[WhiteElo "1831"]
[BlackElo "1878"]

1. e4 e5 2. Nf3 Nc6 3. Bc4 Nf6 4. d3 Bb4+ 5. c3 Bc5 6. O-O O-O 7. d4 exd4 8.
cxd4 d5 9. exd5 Na5 10. Qa4 Bb6 11. a3 Nxc4 12. Qxc4 Ne4 13. Nc3 Nxc3 14. bxc3
a5 15. Bg5 f6 16. Bf4 a4 17. Rab1 Bf5 18. Rb5 Ra5 19. d6+ Kh8 20. dxc7 Qxc7 21.
Bxc7 Rc8 22. Rxb6 Raa8 23. Rxb7 Be4 24. d5 Re8 25. Bg3 Rad8 26. Qc7 Rc8 27.
Qxg7# 1-0

[Event "Challenge"]
[Site "http://www.queenalice.com/game.php?id=1249288"]
[Date "2014.1.18"]
[Round "-"]
[White "pedro2009"]
[Black "mascarade"]
[Result "0-1"]
[WhiteElo "1849"]
[BlackElo "1809"]

1. e4 e6 2. d4 d5 3. e5 Nc6 4. c3 f6 5. Nf3 Bd7 6. Bd3 Qe7 7. Qb3 Na5 8. Qc2 h6
9. Bg6+ Kd8 10. Bh5 Be8 11. Bxe8 Kxe8 12. Qg6+ Kd8 13. Nh4 Qd7 14. Qh5 Ne7 15.
Qf7 g5 16. Ng6 Nxg6 17. Qxg6 Qg7 18. Qd3 fxe5 19. O-O e4 20. Qb5 b6 21. b4 Nc4
22. Qc6 Rb8 23. Qxe6 Nd6 24. Qxd5 Rb7 25. Na3 Kc8 0-1

[Event "OS INCLIVEIS"]
[Site "http://www.queenalice.com/game.php?id=1285064"]
[Date "2014.5.30"]
[Round "-"]
[White "adelio"]
[Black "pedro2009"]
[Result "1-0"]
[WhiteElo "1774"]
[BlackElo "1833"]

1. b4 d5 2. b5 e5 3. Bb2 d4 4. e4 c6 5. Nf3 Bd6 6. Be2 Nf6 7. h4 Nxe4 8. d3 Nf6
9. h5 Qa5+ 10. Kf1 Qxb5 11. Bc1 Bg4 12. h6 g6 13. Nbd2 Nbd7 14. Ne4 Bc7 15. Bg5
Nxe4 16. dxe4 Bd8 17. Bxb5 1-0

[Event "Challenge"]
[Site "http://www.queenalice.com/game.php?id=1299074"]
[Date "2014.8.3"]
[Round "-"]
[White "antcabral"]
[Black "pedro2009"]
[Result "1-0"]
[WhiteElo "1792"]
[BlackElo "1826"]

1. e4 e5 2. Nf3 Nc6 3. c3 Nf6 4. Bd3 d6 5. h3 d5 6. Qb3 Na5 7. Qa4+ c6 8. exd5
Qxd5 9. Be2 e4 10. Nd4 Be7 11. O-O O-O 12. d3 Bd7 13. b4 c5 14. Nb5 Nc6 15. Nc7
Qe5 16. Nxa8 Bd6 17. f4 Qd5 18. b5 Rxa8 19. bxc6 Bxc6 20. Qc2 exd3 21. Bf3 Ne4
22. Qd1 c4 23. Be3 Qe6 24. Re1 Bc7 25. a4 a6 26. Bg4 Qf6 27. Bf3 Qg6 28. g4 Rd8
29. Ra2 Qh6 30. Kh2 Bxf4+ 31. Bxf4 Qxf4+ 32. Kg1 h6 33. Rg2 Ng5 34. Bxc6 Nxh3+
35. Kh1 bxc6 36. Rf1 1-0

[Event "Challenge"]
[Site "http://www.queenalice.com/game.php?id=1306266"]
[Date "2014.9.5"]
[Round "-"]
[White "ORNELAS"]
[Black "pedro2009"]
[Result "0-1"]
[WhiteElo "1644"]
[BlackElo "1815"]

1. e4 e5 2. c3 Nf6 3. d3 c5 4. c4 d6 5. Bg5 Nc6 6. Nf3 Be7 7. a3 Bg4 8. Be2 Qd7
9. Nh4 Bxe2 10. Qxe2 Nd4 11. Qd1 h6 12. Bxf6 Bxf6 13. Nf3 Qc7 14. Nxd4 exd4 15.
Qa4+ Qc6 16. Qxc6+ bxc6 17. O-O Rb8 18. b4 Kd7 19. bxc5 dxc5 20. Nd2 Rb2 21.
Rfd1 Bg5 22. Nf3 Ke6 23. e5 Be7 24. Rab1 Rhb8 25. Rxb2 Rxb2 26. a4 g5 27. a5 a6
28. h3 Rb3 29. g4 Bd8 30. Kg2 Be7 31. Rd2 Bd8 32. Rd1 Ra3 33. Rd2 Bxa5 34. Rd1
Bb4 35. h4 f6 36. hxg5 hxg5 37. Kg3 a5 38. Kg2 fxe5 39. Nxg5+ Kf6 40. Nh7+ Kg7
41. Ng5 Bc3 42. Ne6+ Kf6 43. Nxc5 a4 44. Kf3 Bb4 45. Ne4+ Kg6 46. g5 Ra2 47. Kg4
a3 48. f4 exf4 49. Kxf4 Rc2 50. Ke5 Bc3 51. Kd6 a2 52. Kxc6 Rb2 53. Ra1 Re2 54.
Nxc3 dxc3 55. c5 Rb2 56. Kd5 c2 57. c6 Rb1 58. c7 c1=Q 59. Rxa2 Qxc7 60. Rg2
Qb7+ 61. Kc4 Qxg2 62. d4 Rd1 63. Kc5 Qe4 64. Kb6 Qxd4+ 65. Kb5 Qd5+ 66. Kb6 Qc4
67. Kb7 Rb1+ 68. Ka7 Qa2# 0-1

[Event "Challenge"]
[Site "http://www.queenalice.com/game.php?id=1360937"]
[Date "2015.5.22"]
[Round "-"]
[White "antcabral"]
[Black "pedro2009"]
[Result "1-0"]
[WhiteElo "1818"]
[BlackElo "1809"]

1. e4 e5 2. d4 c5 3. dxe5 Qc7 4. Bf4 Qc6 5. Nc3 a6 6. Bc4 Qg6 7. Nd5 Qxe4+ 8.
Qe2 Qxe2+ 9. Nxe2 Kd8 10. Bg5+ Be7 11. Bf4 b5 12. Bd3 Nc6 13. c3 Ra7 14. O-O f6
15. exf6 gxf6 16. a4 b4 17. Ng3 Ne5 18. Be2 Bd6 19. Nf5 Bb8 20. cxb4 Bb7 21.
Nde3 cxb4 22. Nc4 Nf3+ 23. gxf3 Bxf4 24. Ncd6 Bxd6 25. Nxd6 Bd5 26. Rad1 Be6 27.
Rc1 Ne7 28. Bc4 Rg8+ 29. Kh1 Bxc4 30. Rxc4 a5 31. Nf7+ Ke8 32. Nh6 Rg6 33. Ng4
Rg5 34. Nxf6+ Kf7 35. Nxh7 Rg6 36. Rf4+ Kg7 37. Re1 Re6 38. Rxe6 dxe6 39. Ng5
1-0